000 00542nam a2200181Ia 4500
008 240925s9999 xx 000 0 und d
020 _a9788130910291
082 _a338.954 DHA
100 _aDhameja, Nand ; Dhameja, Sarika
245 0 _aInfrastructure Development and Financing: including social infrastructure: issues and challenges
250 _aNA
260 _aNew Delhi:
_bViva Books
_c,2016.
300 _a274p.
_b0
_fOriginal
500 _aIncludes Index
600 _aSocial Sciences
650 _aSocial Sciences
942 _cBK
999 _c15835
_d15835